[Event "4NCL/Div3/AD2 vs. FCA"]
[Site "West Bromwich ENG"]
[Date "2003.11.23"]
[Round "2.8"]
[White "Wilcox, Charlotte"]
[Black "McIntosh, Doreen"]
[Result "1/2-1/2"]
[WhiteElo "1552"]
[BlackElo "1304"]
[PlyCount "117"]
[EventDate "2003.11.23"]

1. e4 c5 2. d4 cxd4 3. c3 Nf6 4. e5 Nd5 5. Qxd4 e6 6. Nf3 Nc6 7. Qd1 d6 8. exd6
Bxd6 9. Bc4 Nf6 10. O-O O-O 11. Bg5 Be7 12. Qc2 h6 13. Bh4 Qc7 14. Nbd2 Ne5 15.
Nxe5 Qxe5 16. Bg3 Qc5 17. Bd3 Bd7 18. Rad1 Qc8 19. Nf3 Bc6 20. Nd4 Rd8 21. Rfe1
Bd6 22. Bxd6 Rxd6 23. Re3 Qc7 24. Qc1 g5 25. Rf1 Nd5 26. Rh3 e5 27. Nf5 Nf4 28.
Nxd6 Nxh3+ 29. gxh3 Qxd6 30. Rd1 Qe6 31. Qe3 a6 32. Bc2 Qf6 33. Qd3 e4 34. Qe3
Qf3 35. Qxf3 exf3 36. Rd3 Re8 37. Re3 Rd8 38. b4 Rd2 39. Bb3 Rb2 40. Kf1 Rb1+
41. Re1 Rxe1+ 42. Kxe1 Kf8 43. Bc2 Ke7 44. a4 b5 45. axb5 axb5 46. Kd2 Kd6 47.
Ke3 h5 48. Be4 Bd7 49. Bxf3 h4 50. Be2 Ke5 51. c4 bxc4 52. Bxc4 f5 53. Ba6 f4+
54. Kd2 Kd4 55. b5 Kc5 56. Kd3 Bxh3 57. Ke4 Bd7 58. Ke5 Kb6 59. Ke4 1/2-1/2

[Event "4NCL/Div3/SWD2 vs. WES2"]
[Site "West Bromwich ENG"]
[Date "2003.11.23"]
[Round "2.1"]
[White "Kett, Timothy"]
[Black "Pye, David E"]
[Result "0-1"]
[WhiteElo "2145"]
[BlackElo "2132"]
[PlyCount "74"]
[EventDate "2003.11.23"]

1. e4 e6 2. d4 d5 3. Nc3 Nc6 4. Nf3 Nf6 5. Bg5 Be7 6. Bxf6 Bxf6 7. e5 Be7 8. a3
Nb8 9. Ne2 b6 10. g3 c5 11. c3 c4 12. h4 Nc6 13. Nf4 Bd7 14. Nd2 Qc7 15. Qg4 g6
16. h5 O-O-O 17. Bh3 g5 18. Ne2 f5 19. exf6 Bxf6 20. Qf3 Rhf8 21. Qg2 e5 22.
Bxd7+ Rxd7 23. dxe5 Nxe5 24. O-O Nd3 25. b3 Kb8 26. bxc4 dxc4 27. Ne4 Rdf7 28.
a4 a6 29. f4 Be7 30. fxg5 Bxg5 31. Rxf7 Be3+ 32. Kh1 Qxf7 33. g4 Qe7 34. Qh2+
Ka7 35. N2g3 Nf2+ 36. Nxf2 Rxf2 37. Qh3 Qb7+ 0-1

[Event "4NCL/Div3/SWD2 vs. WES2"]
[Site "West Bromwich ENG"]
[Date "2003.11.23"]
[Round "2.2"]
[White "Rutter, Nicholas"]
[Black "Spice, Alan"]
[Result "0-1"]
[WhiteElo "2124"]
[BlackElo "2181"]
[PlyCount "86"]
[EventDate "2003.11.23"]

1. e4 e6 2. Nf3 d5 3. Nc3 Nf6 4. e5 Nfd7 5. d4 c5 6. Bg5 Qb6 7. dxc5 Nxc5 8.
Nd4 Nc6 9. Bb5 a6 10. Bxc6+ bxc6 11. Rb1 a5 12. O-O h6 13. Bh4 Ra7 14. f4 Be7
15. Bf2 Ra8 16. Qf3 O-O 17. a3 Qc7 18. b4 axb4 19. axb4 Nd7 20. Nce2 Ba6 21.
Rfc1 Bc4 22. c3 Ra2 23. Rc2 Rfa8 24. Rxa2 Rxa2 25. Nc1 Ra3 26. Nc2 Ra8 27. Nb3
Ra2 28. Qd1 Bxb3 29. Rxb3 c5 30. Qb1 Ra8 31. h3 Rc8 32. Kh1 cxb4 33. Nxb4 Nc5
34. Bxc5 {=} 34... Qxc5 35. Qf1 Qe3 36. Qf3 Qd2 37. Qf1 Bxb4 38. Rxb4 Rxc3 39.
Rb8+ Kh7 40. Kh2 Rc1 41. Qf3 Rc4 42. f5 Rf4 43. Rb2 Rxf3 0-1

[Event "4NCL/Div3/SWD2 vs. WES2"]
[Site "West Bromwich ENG"]
[Date "2003.11.23"]
[Round "2.3"]
[White "Trevelyan, John"]
[Black "Hopkins, Jamie R"]
[Result "1-0"]
[WhiteElo "2150"]
[BlackElo "2136"]
[PlyCount "99"]
[EventDate "2003.11.23"]

1. d4 d5 2. Nf3 Nf6 3. c4 dxc4 4. e3 e6 5. Bxc4 a6 6. a4 c5 7. Nc3 Nc6 8. O-O
Qc7 9. Qe2 Bd6 10. dxc5 Bxc5 11. Rd1 O-O 12. h3 b6 13. e4 e5 14. Bg5 Be7 15.
Rac1 Bb7 16. Bxf6 Bxf6 17. Nd5 Qd8 18. Qe3 Nd4 19. Nxf6+ Qxf6 20. Nxd4 exd4 21.
Qxd4 Qxd4 22. Rxd4 Rab8 23. Bd5 Bxd5 24. Rxd5 Rfc8 25. Rxc8+ Rxc8 26. Rd6 Rb8
27. b4 Kf8 28. a5 Ke7 29. Rxb6 Rxb6 30. axb6 Kd6 31. Kf1 Kc6 32. Ke2 Kxb6 33.
Kd3 a5 34. bxa5+ Kxa5 35. Kc4 Kb6 36. Kd5 Kc7 37. f4 Kd7 38. f5 f6 39. g4 h6
40. h4 Ke7 41. e5 fxe5 42. Kxe5 Kf7 43. g5 hxg5 44. hxg5 Ke7 45. g6 Kf8 46. Kd6
Ke8 47. Ke6 Kf8 48. Kd7 Kg8 49. Ke7 Kh8 50. f6 1-0

[Event "4NCL/Div3/SWD2 vs. WES2"]
[Site "West Bromwich ENG"]
[Date "2003.11.23"]
[Round "2.4"]
[White "Pleasants, Allan J"]
[Black "Sully, David"]
[Result "1/2-1/2"]
[WhiteElo "2107"]
[BlackElo "2064"]
[PlyCount "128"]
[EventDate "2003.11.23"]

1. c4 e6 2. g3 d5 3. Bg2 Nf6 4. Nf3 Be7 5. O-O O-O 6. cxd5 exd5 7. d4 c6 8. Nc3
Bf5 9. Nh4 Be6 10. Qc2 Ne8 11. Nf3 Nd6 12. Ne5 Bf5 13. Qb3 Qb6 14. Qxb6 axb6
15. b3 b5 16. g4 Be6 17. h3 f6 {=} 18. Nd3 Nd7 19. Bd2 f5 20. g5 Ne4 21. Nxe4
fxe4 22. Nf4 Bf5 23. h4 Bd6 24. e3 Ra7 25. a4 Rfa8 26. Rfc1 Bxf4 27. exf4 bxa4
28. b4 Nb8 29. Bf1 b5 30. Ra3 g6 31. Be2 Re7 32. Be3 Raa7 33. Kf1 h6 34. Kg2
Rh7 35. Rh1 Na6 36. Bd2 Rh8 37. Kg3 Rah7 38. Rh2 Nc7 39. Rc3 Ne6 40. Be3 Nd8
41. Rh1 h5 42. Rf1 Re7 43. Rfc1 Rhh7 44. Bd1 Rhf7 45. Be2 Rf8 46. Rf1 Ref7 47.
f3 Re8 48. fxe4 Rxe4 49. Bf3 Re8 50. Bd2 Kf8 51. Ra1 Be4 52. Be2 Ke7 53. Bf1
Kd6 54. Rac1 Bf5 55. Be3 Rfe7 56. Kf2 Re6 57. Be2 Kd7 58. Bf3 Rd6 59. Bg2 Ne6
60. Bf3 Rf8 61. Bg2 Be4 62. Bh3 Bf5 63. Bf1 Bg4 64. Kg3 Bf5 1/2-1/2

[Event "4NCL/Div3/SWD2 vs. WES2"]
[Site "West Bromwich ENG"]
[Date "2003.11.23"]
[Round "2.5"]
[White "Brown, Alan M"]
[Black "Tunks, Dominic"]
[Result "1-0"]
[WhiteElo "2128"]
[BlackElo "2024"]
[PlyCount "69"]
[EventDate "2003.11.23"]

1. d4 Nf6 2. c4 c5 3. Nf3 e6 4. Nc3 a6 5. g3 cxd4 6. Nxd4 Qc7 7. Qa4 Nc6 8.
Nxc6 bxc6 9. Bg2 Rb8 10. Qc2 h6 11. O-O Be7 12. b3 O-O 13. Bb2 d5 14. Na4 Qa7
15. e3 Bd7 16. c5 Bc8 17. Qc3 Bd8 18. Rfd1 a5 19. e4 Ba6 20. exd5 cxd5 21. Rac1
Bb5 22. c6 Be7 23. c7 Rbc8 24. Qe5 Bxa4 25. bxa4 Qb6 26. Bd4 Qb4 27. Rb1 Qd6
28. Rdc1 Qxe5 29. Bxe5 Nd7 30. Bf4 Bb4 31. Bf1 e5 32. Bb5 Nc5 33. Bxe5 Ba3 34.
Rc3 Bb4 35. Rxb4 1-0

[Event "4NCL/Div3/SWD2 vs. WES2"]
[Site "West Bromwich ENG"]
[Date "2003.11.23"]
[Round "2.6"]
[White "Marsh, Roger"]
[Black "Adams, Mark A"]
[Result "1/2-1/2"]
[WhiteElo "2082"]
[BlackElo "1973"]
[PlyCount "61"]
[EventDate "2003.11.23"]

1. d4 d5 2. c4 c6 3. cxd5 cxd5 4. Nc3 Nf6 5. e3 a6 6. Bd3 e6 7. Nf3 Bd6 8. O-O
Nbd7 9. a4 O-O 10. Qe2 Re8 11. Rd1 Qe7 12. e4 dxe4 13. Nxe4 Nxe4 14. Qxe4 f5
15. Qe2 Nf6 16. Ne5 Nd5 17. Qf3 Bxe5 18. dxe5 Bd7 19. Qg3 Bc6 20. Bg5 Qf7 21.
Bc4 Nb6 22. Bb3 Bd5 23. Bc2 Rac8 24. Rac1 Rc4 25. Bf4 Rec8 26. Bb3 Rxc1 27.
Rxc1 Rxc1+ 28. Bxc1 Qc7 29. Bf4 Bxb3 30. Qxb3 Nd5 31. g3 1/2-1/2

[Event "4NCL/Div3/SWD2 vs. WES2"]
[Site "West Bromwich ENG"]
[Date "2003.11.23"]
[Round "2.7"]
[White "Powell, Lloyd"]
[Black "Norman, Dinah"]
[Result "1/2-1/2"]
[WhiteElo "1992"]
[BlackElo "2022"]
[PlyCount "74"]
[EventDate "2003.11.23"]

1. d4 d5 2. c4 c6 3. Nf3 Nf6 4. g3 Bf5 5. Nc3 e6 6. Bg2 h6 7. O-O Be7 8. Nd2
O-O 9. e4 dxe4 10. Ndxe4 Nbd7 11. Qb3 Qb6 12. Bf4 Nxe4 13. Nxe4 Bxe4 14. Bxe4
Nf6 15. Bf3 Rfd8 16. Rfd1 Qxb3 17. axb3 a6 18. Bc7 Rd7 19. Ba5 Bd8 20. Bc3 Be7
21. Rd2 Rc8 22. b4 Rcd8 23. Rad1 Kf8 24. h4 h5 25. Re1 g6 26. Bg2 Kg8 27. Bh3
Kf8 28. Rd3 Kg8 29. Kg2 Rd6 30. Kf1 Kf8 31. b3 Kg8 32. Rf3 Ng4 33. Rd3 Kf8 34.
Bg2 Nf6 35. Rf3 Ng4 36. Rd3 Nf6 37. Kg1 Kg8 1/2-1/2

[Event "4NCL/Div3/SWD2 vs. WES2"]
[Site "West Bromwich ENG"]
[Date "2003.11.23"]
[Round "2.8"]
[White "Footner, Andrew F"]
[Black "Wilson, Julie"]
[Result "1/2-1/2"]
[WhiteElo "2008"]
[BlackElo "1720"]
[PlyCount "81"]
[EventDate "2003.11.23"]

1. e4 e6 2. d4 d5 3. Nc3 Nf6 4. Bg5 dxe4 5. Nxe4 Be7 6. Bxf6 Bxf6 7. Nf3 Nc6 8.
c3 O-O 9. Qc2 Be7 10. h4 f5 11. Ng3 a6 12. Bd3 b5 13. Rd1 Qd5 14. b3 Bd7 15.
O-O Rad8 16. Ne2 Qd6 17. Rfe1 Rf6 18. Qc1 Kh8 19. Nf4 Rh6 20. Ng5 Bxg5 21. hxg5
Rh4 22. g3 Rg4 23. d5 exd5 24. Be2 Rxg5 25. Rxd5 Qf6 26. Bf3 h6 27. Nh3 Rg6 28.
Nf4 Rg5 29. Rxd7 Rxd7 30. Re6 Qf7 31. Bxc6 Re7 32. Bd5 Qe8 33. Qd2 Rxe6 34.
Bxe6 Kh7 35. Qd3 Qf8 36. Kg2 Qf6 37. Bd5 Qd6 38. Qf3 Rg4 39. Be6 Rxf4 40. Bxf5+
Rxf5 41. Qxf5+ 1/2-1/2

[Event "4NCL/Div3/HKF1 vs. NLIB1"]
[Site "West Bromwich ENG"]
[Date "2003.11.23"]
[Round "2.1"]
[White "Hebden, Mark L"]
[Black "Williams, Leighton"]
[Result "1-0"]
[WhiteElo "2560"]
[BlackElo "2362"]
[PlyCount "89"]
[EventDate "2003.11.23"]

1. d4 Nf6 2. Nf3 g6 3. Nc3 d5 4. Bf4 Bg7 5. e3 c6 6. h3 Qb6 7. Rb1 a5 8. Bd3
O-O 9. O-O Nbd7 10. Bh2 Ne8 11. a3 Ndf6 12. b3 Nd6 13. Na4 Qd8 14. c4 Bf5 15.
c5 Nde4 16. Ne1 Bh6 17. Qe2 Nd7 18. g4 Be6 19. f3 b5 20. cxb6 Nd6 21. f4 Nxb6
22. Nc5 a4 23. Nxe6 fxe6 24. b4 Nbc4 25. Ra1 g5 26. Nf3 gxf4 27. exf4 Bxf4 28.
Qxe6+ Kg7 29. Bxf4 Rxf4 30. Ng5 Rf6 31. Qxf6+ exf6 32. Ne6+ Kf7 33. Nxd8+ Rxd8
34. g5 f5 35. Bxf5 Ne3 36. Bxh7+ Nxf1 37. Rxf1+ Kg7 38. Bd3 Nc4 39. Rf6 Nxa3
40. Rxc6 Rb8 41. h4 Rh8 42. Rc7+ Kg8 43. Bf5 Nb5 44. Be6+ Kf8 45. Rf7+ 1-0

[Event "4NCL/Div3/HKF1 vs. NLIB1"]
[Site "West Bromwich ENG"]
[Date "2003.11.23"]
[Round "2.2"]
[White "Rees, Ioan"]
[Black "Summerscale, Aaron"]
[Result "0-1"]
[WhiteElo "2189"]
[BlackElo "2492"]
[PlyCount "86"]
[EventDate "2003.11.23"]

1. d4 d6 2. Nf3 Bg4 3. c4 Nd7 4. Nc3 e5 5. g3 Ngf6 6. Bg2 c6 7. O-O Be7 8. h3
Bh5 9. Be3 O-O 10. b4 Qc7 11. Qb3 Rfe8 12. Rac1 Bf8 13. dxe5 dxe5 14. c5 Be7
15. Nd2 Nf8 16. g4 Bg6 17. f4 exf4 18. Bxf4 Qc8 19. Nc4 Ne6 20. Be5 Rd8 21. Na4
Qd7 22. Rcd1 Qe8 23. Bd6 Nf8 24. e4 Ne6 25. Nc3 Nd7 {=} 26. e5 Ndf8 27. Na5 Rd7
28. Nxc6 bxc6 29. Bxc6 Rc8 30. Bxd7 Nxd7 31. Nd5 Bh4 32. Qa4 Nef8 33. Nc7 Qd8
34. Bxf8 Qg5 35. Qb3 Nxf8 36. Nd5 Qxe5 37. Qe3 Nd7 38. c6 Rxc6 39. Qxe5 Nxe5
40. Rc1 Rd6 41. Rc8+ Bd8 42. Ne7+ Kf8 43. Nxg6+ hxg6 0-1

[Event "4NCL/Div3/HKF1 vs. NLIB1"]
[Site "West Bromwich ENG"]
[Date "2003.11.23"]
[Round "2.3"]
[White "Greet, Andrew N"]
[Black "Jones, Richard S"]
[Result "1/2-1/2"]
[WhiteElo "2305"]
[BlackElo "2269"]
[PlyCount "83"]
[EventDate "2003.11.23"]

1. d4 Nf6 2. c4 g6 3. g3 Bg7 4. Bg2 O-O 5. Nc3 d6 6. Nf3 Nbd7 7. O-O e5 8. e4
exd4 9. Nxd4 Nc5 10. h3 Re8 11. Re1 a6 12. Bf4 h6 13. g4 h5 14. g5 Nh7 15. h4
f6 16. Nf3 Ne6 17. Bg3 fxg5 18. hxg5 Nhxg5 19. Nh4 Bxc3 20. bxc3 Qf6 21. e5
dxe5 22. Bxe5 Nh3+ 23. Bxh3 Qxh4 24. Qd3 Nf8 25. Bg2 c6 26. Bg3 Qd8 27. Qxd8
Rxd8 28. Re7 Be6 29. Rb1 Rd7 30. Rxd7 Nxd7 31. Rxb7 Rc8 32. Ra7 Nf6 33. Rxa6
Bxc4 34. Rxc6 Rxc6 35. Bxc6 Bxa2 36. Be5 Kf7 37. f3 Ke6 38. Bd4 Bd5 39. Bxf6
Bxc6 40. Bd8 Bxf3 41. Kf2 Bc6 42. Kg3 1/2-1/2

[Event "4NCL/Div3/HKF1 vs. NLIB1"]
[Site "West Bromwich ENG"]
[Date "2003.11.23"]
[Round "2.4"]
[White "Borg, Andrew"]
[Black "Baker, Christopher W"]
[Result "1/2-1/2"]
[WhiteElo "2123"]
[BlackElo "2369"]
[PlyCount "100"]
[EventDate "2003.11.23"]

1. c4 e5 2. Nc3 Nf6 3. Nf3 Nc6 4. g3 g6 5. Bg2 Bg7 6. O-O O-O 7. d3 d6 8. Rb1
a5 9. a3 h6 10. Bd2 Be6 11. b4 axb4 12. axb4 Qd7 13. b5 Ne7 14. e4 Bh3 15. Qc2
Bxg2 16. Kxg2 Nh5 17. Nd5 Nxd5 18. cxd5 f5 19. Ng1 Rac8 20. Ne2 g5 21. f3 Nf6
22. Bc3 Qf7 23. d4 fxe4 24. fxe4 Qg6 25. dxe5 Qxe4+ 26. Qxe4 Nxe4 27. Rb4 Rxf1
28. Kxf1 Rf8+ 29. Kg1 Nxc3 30. Nxc3 Bxe5 31. Rc4 Rf3 32. Ne4 Rb3 33. Rxc7 Rxb5
34. Rd7 Rxd5 35. Rxb7 Rd4 36. Nf2 Rd2 37. Ng4 Bg7 38. Kf1 h5 39. Nf2 d5 40. Rd7
Bc3 41. Nh3 g4 42. Nf4 d4 43. Kg1 {=} 43... Kf8 44. Rh7 d3 45. Nxd3 Rxd3 46.
Rxh5 Bf6 47. Rf5 Kg7 48. Rf4 Rd1+ 49. Kg2 Rd2+ 50. Kg1 Rd1+ 1/2-1/2

[Event "4NCL/Div3/HKF1 vs. NLIB1"]
[Site "West Bromwich ENG"]
[Date "2003.11.23"]
[Round "2.5"]
[White "Cooper, Lawrence"]
[Black "Morris, Gareth"]
[Result "1/2-1/2"]
[WhiteElo "2322"]
[BlackElo "2137"]
[PlyCount "39"]
[EventDate "2003.11.23"]

1. e4 c5 2. Nf3 Nc6 3. d4 cxd4 4. Nxd4 e5 5. Nb5 d6 6. a4 a6 7. N5c3 Be6 8. Na3
Be7 9. Nc4 Rc8 10. Nd5 Bxd5 11. exd5 Nb8 12. a5 Nd7 13. Be2 Ngf6 14. Be3 O-O
15. O-O Ne8 16. Nb6 Nxb6 17. Bxb6 Qd7 18. c4 f5 19. Qa4 Nf6 20. Rfd1 1/2-1/2

[Event "4NCL/Div3/HKF1 vs. NLIB1"]
[Site "West Bromwich ENG"]
[Date "2003.11.23"]
[Round "2.6"]
[White "Gandy, Andrew"]
[Black "Truran, Michael"]
[Result "0-1"]
[WhiteElo "2104"]
[BlackElo "2215"]
[PlyCount "98"]
[EventDate "2003.11.23"]

1. d4 c5 2. d5 f5 3. c4 Nf6 4. Nc3 d6 5. g3 g6 6. Bg2 Bg7 7. Nh3 Nbd7 8. Qc2
Ne5 9. b3 O-O 10. Bb2 Bd7 11. O-O Nh5 12. e3 a6 13. a4 h6 14. Rfe1 Rb8 15. f4
Ng4 16. e4 Bd4+ 17. Kh1 Ne3 18. Qe2 fxe4 19. Nf2 Nxg2 20. Kxg2 Rxf4 21. Ncxe4
Bxb2 22. Qxb2 Rf7 23. Qe2 Qf8 24. Nd3 Qg7 25. Qe3 Rbf8 26. Nef2 a5 27. Rac1 Kh7
28. Nh3 Rf3 29. Qe2 Bg4 30. Qd2 b6 31. Nhf2 Bd7 32. Re2 R3f7 33. Rce1 Qf6 34.
Re3 Ng7 35. Nf4 g5 36. N4d3 Nf5 37. Re4 Nd4 38. Qd1 Bf5 39. R4e3 e5 40. dxe6
Bxe6 41. Ne4 Qf5 42. Nxd6 Qh3+ 43. Kg1 Rf2 44. Nxf2 Rxf2 45. Qd3+ Kh8 46. Qxd4+
cxd4 47. Kxf2 Qxh2+ 48. Kf3 dxe3 49. Rxe3 Qh1+ 0-1

[Event "4NCL/Div3/HKF1 vs. NLIB1"]
[Site "West Bromwich ENG"]
[Date "2003.11.23"]
[Round "2.7"]
[White "Noyce, Robert"]
[Black "Ralphs, Nigel"]
[Result "1-0"]
[WhiteElo "2181"]
[BlackElo "2001"]
[PlyCount "61"]
[EventDate "2003.11.23"]

1. e4 c5 2. Nc3 Nc6 3. f4 g6 4. Nf3 Bg7 5. Bb5 Nd4 6. Bd3 d6 7. Nxd4 cxd4 8.
Ne2 e6 9. O-O Ne7 10. c3 dxc3 11. bxc3 O-O 12. Bc2 b5 13. d4 d5 14. e5 Bd7 15.
Ba3 Re8 16. g4 a5 17. Ng3 f5 18. exf6 Bxf6 19. Bc5 Rc8 20. Rf3 Rxc5 21. dxc5
Qc7 22. f5 Qxc5+ 23. Kg2 exf5 24. gxf5 Nxf5 25. Nxf5 Bxf5 26. Bxf5 gxf5 27.
Rxf5 Qxc3 28. Qxd5+ Kg7 29. Raf1 Re2+ 30. Kh1 Qb2 31. Rxf6 1-0

[Event "4NCL/Div3/HKF1 vs. NLIB1"]
[Site "West Bromwich ENG"]
[Date "2003.11.23"]
[Round "2.8"]
[White "Jury, Rachel"]
[Black "Lazarevic, Ljubica"]
[Result "0-1"]
[WhiteElo "1250"]
[BlackElo "1664"]
[PlyCount "46"]
[EventDate "2003.11.23"]

1. e4 e5 2. Nf3 Nc6 3. Nc3 Nf6 4. d3 Bc5 5. Ne2 O-O 6. c3 d6 7. d4 exd4 8. cxd4
Bb4+ 9. Bd2 Nxe4 10. Qc2 Nxd2 11. O-O-O Nxf1 12. Rhxf1 Qf6 13. Rd3 Bf5 14. d5
Bxd3 15. Qxd3 Ne5 16. Qb3 Bc5 17. Rd1 Rfe8 18. Qc2 Nxf3 19. gxf3 Qxf3 20. Rg1
Rxe2 21. Qc4 Qxf2 22. Qc3 Qxg1+ 23. Qe1 Qxe1# 0-1

[Event "4NCL/Div3/WGR3 vs. SCS"]
[Site "West Bromwich ENG"]
[Date "2003.11.23"]
[Round "2.1"]
[White "Pokorna, Regina"]
[Black "Dickinson, Timothy R"]
[Result "0-1"]
[WhiteElo "2429"]
[BlackElo "2177"]
[PlyCount "72"]
[EventDate "2003.11.23"]

1. e4 c6 2. d4 d5 3. exd5 cxd5 4. c4 Nf6 5. Nc3 e6 6. Nf3 Bb4 7. cxd5 Nxd5 8.
Bd2 Nc6 9. Bd3 O-O 10. O-O Be7 11. Qe2 Nf6 12. Ne4 Nxe4 13. Qxe4 f5 14. Qe3 Bf6
15. Bc3 Ne7 16. Rfe1 Nd5 17. Qd2 Qd6 18. Ne5 b6 19. Re2 Bd7 20. Rae1 Rfe8 21.
g3 Bxe5 22. Rxe5 Rac8 23. Qe2 Nf6 24. h3 Kf7 25. Bc4 g6 26. Bb3 a5 27. a3 Ne4
28. d5 Rxc3 29. dxe6+ Bxe6 30. Rxe6 Rxg3+ 31. Kf1 Rxe6 32. Bxe6+ Qxe6 33. Rc1
Rf3 34. Rc7+ Kf6 35. Qb5 Rxf2+ 36. Kg1 Rd2 0-1

[Event "4NCL/Div3/WGR3 vs. SCS"]
[Site "West Bromwich ENG"]
[Date "2003.11.23"]
[Round "2.2"]
[White "Clark, Stephen P"]
[Black "Lee, Graham D"]
[Result "1-0"]
[WhiteElo "2133"]
[BlackElo "2329"]
[PlyCount "61"]
[EventDate "2003.11.23"]

1. d4 Nf6 2. Nf3 e6 3. Bf4 c5 4. e3 cxd4 5. exd4 b6 6. Bd3 Bb7 7. Nbd2 Be7 8.
h3 O-O 9. O-O Nc6 10. c3 d6 11. Qe2 Re8 12. Rfe1 a6 13. a4 Bf8 14. Ne4 Nxe4 15.
Bxe4 g6 16. Rad1 Na5 17. Bxb7 Nxb7 18. Ng5 d5 19. Nf3 Nd6 20. Ne5 Qc8 21. Ng4
Qd8 22. Be5 Bg7 23. Bxg7 Kxg7 24. Qe5+ f6 25. Nxf6 Qxf6 26. Qxd6 b5 27. axb5
axb5 28. Qd7+ Qf7 29. Qxb5 Reb8 30. Qe2 Ra2 31. Qe5+ 1-0

[Event "4NCL/Div3/WGR3 vs. SCS"]
[Site "West Bromwich ENG"]
[Date "2003.11.23"]
[Round "2.3"]
[White "Maduekwe, Chiedu"]
[Black "Reynolds, D Ian"]
[Result "1/2-1/2"]
[WhiteElo "2127"]
[BlackElo "2103"]
[PlyCount "148"]
[EventDate "2003.11.23"]

1. d4 Nf6 2. c4 e6 3. Nf3 c5 4. d5 exd5 5. cxd5 d6 6. Nc3 g6 7. e4 Bg7 8. Bd3
O-O 9. h3 Na6 10. O-O Nc7 11. a4 b6 12. Re1 Rb8 13. Bg5 a6 14. Qd2 b5 15. axb5
axb5 16. Bh6 b4 17. Bxg7 Kxg7 18. Nd1 Re8 19. b3 Bd7 20. Nb2 Bb5 21. Qc2 Bxd3
22. Qxd3 Nb5 23. Nc4 Ra8 24. Rxa8 Qxa8 25. e5 dxe5 26. Ncxe5 Nd6 27. Rd1 Nfe4
28. Nc4 Qa2 29. Rf1 Qa6 30. Nfe5 Nxc4 31. Nxc4 Nd6 32. Rc1 Nxc4 33. bxc4 Qa3
34. Qd2 Re2 35. Qf4 Qb2 36. Rd1 Qc2 37. Ra1 Qe4 38. Qxe4 Rxe4 39. Rc1 Kf6 40.
Kf1 Ke5 41. f3 Rd4 42. Ke2 b3 43. Rd1 b2 44. Rb1 Rxc4 45. Rxb2 Kxd5 46. Kd3 Ra4
47. Rb7 Ra3+ 48. Kc2 Ra2+ 49. Kb3 Rxg2 50. Rxf7 h5 51. h4 Rg3 52. Kc2 Ke6 53.
Rf8 Rh3 54. Rf4 Ke5 55. Re4+ Kd5 56. Rf4 Rg3 57. Kd2 c4 58. Ke3 Rg2 59. Rf8 c3
60. Kd3 c2 61. Rc8 Ke5 62. Ke3 Rh2 63. Rc5+ Kd6 64. Rc8 Kd5 65. Rc7 Rxh4 66.
Rxc2 Rc4 67. Rg2 Rc6 68. Rg5+ Kc4 69. f4 Re6+ 70. Kf3 Rf6 71. Ke4 h4 72. Rg4 h3
73. Rh4 Re6+ 74. Kf3 Kd3 1/2-1/2

[Event "4NCL/Div3/WGR3 vs. SCS"]
[Site "West Bromwich ENG"]
[Date "2003.11.23"]
[Round "2.4"]
[White "Mooring, Ross"]
[Black "Hasman, Cengiz"]
[Result "1/2-1/2"]
[WhiteElo "2040"]
[BlackElo "2032"]
[PlyCount "94"]
[EventDate "2003.11.23"]

1. e4 Nf6 2. Nc3 d5 3. d3 dxe4 4. Nxe4 Nxe4 5. dxe4 Qxd1+ 6. Kxd1 Nc6 7. c3
Bg4+ 8. Be2 O-O-O+ 9. Kc2 Bxe2 10. Nxe2 e6 11. Bg5 f6 12. Be3 Ne5 13. h3 Nc4
14. Bc1 Bc5 15. Rf1 e5 16. b3 Nd6 17. Ng3 Rd7 18. Bb2 g6 19. Rad1 g5 20. f3
Rhd8 21. Rd5 Bb6 22. Rfd1 c6 23. R5d3 Bc5 24. Nh5 Ne8 25. Ng3 Ng7 26. Bc1 Bf2
27. Nh1 Bc5 28. Ng3 Kc7 29. a4 a6 30. a5 Bf2 31. Nh1 Bc5 32. Ng3 Bf2 33. Nh1
Bc5 34. Ng3 Rxd3 35. Rxd3 Rxd3 36. Kxd3 Kd7 37. Ne2 Ne6 38. g4 Be7 39. Be3 Bc5
40. Bxc5 Nxc5+ 41. Kc4 Ne6 42. b4 Kc7 43. Kb3 c5 44. bxc5 Kc6 45. Kc4 Nxc5 46.
Ng3 Nd7 47. Nf5 b5+ 1/2-1/2

[Event "4NCL/Div3/WGR3 vs. SCS"]
[Site "West Bromwich ENG"]
[Date "2003.11.23"]
[Round "2.5"]
[White "Hillman, Jamie O"]
[Black "Hawrami, Dana"]
[Result "1/2-1/2"]
[WhiteElo "2011"]
[BlackElo "1840"]
[PlyCount "45"]
[EventDate "2003.11.23"]

1. e4 c5 2. Nf3 d6 3. d4 cxd4 4. Nxd4 Nf6 5. Nc3 a6 6. Be3 e5 7. Nf3 Be6 8. a4
Be7 9. Be2 Nbd7 10. O-O O-O 11. Nd2 Qc7 12. f4 exf4 13. Rxf4 Ne5 14. Nb3 Nfd7
15. Nd4 Ng6 16. Nf5 Bf6 17. Rf2 Be5 18. Bd4 Nf6 19. Qd2 d5 20. Bxe5 Qxe5 21.
Qg5 Kh8 22. exd5 Bxd5 23. Qg3 1/2-1/2

[Event "4NCL/Div3/WGR3 vs. SCS"]
[Site "West Bromwich ENG"]
[Date "2003.11.23"]
[Round "2.6"]
[White "Lutton, J Arnold"]
[Black "Cutmore, David M"]
[Result "0-1"]
[WhiteElo "1680"]
[BlackElo "1936"]
[PlyCount "74"]
[EventDate "2003.11.23"]

1. e4 Nf6 2. Nc3 e6 3. d4 c5 4. e5 cxd4 5. Qxd4 Nc6 6. Qf4 Nd5 7. Nxd5 exd5 8.
c3 d6 9. Bb5 Qe7 10. Nf3 f6 11. e6 Qxe6+ 12. Be3 Bd7 13. O-O Qe4 14. Rfe1 Ne5
15. Bxd7+ Kxd7 16. Nxe5+ dxe5 17. Qxe4 dxe4 18. Rad1+ Ke6 19. c4 Bb4 20. Bd2
Bxd2 21. Rxd2 Rhd8 22. Red1 Rxd2 23. Rxd2 Rc8 24. b3 b5 25. Kf1 bxc4 26. Rc2 c3
27. Ke2 Kd5 28. Ke3 f5 29. Ke2 g5 30. g3 f4 31. g4 Kd4 32. h3 f3+ 33. Ke1 e3
34. b4 e2 35. a4 Kc4 36. b5 Rd8 37. Rc1 Kb3 0-1

[Event "4NCL/Div3/WGR3 vs. SCS"]
[Site "West Bromwich ENG"]
[Date "2003.11.23"]
[Round "2.7"]
[White "Cutmore, Martin J"]
[Black "Hawrami, Khidir"]
[Result "1-0"]
[WhiteElo "1928"]
[BlackElo "1344"]
[PlyCount "31"]
[EventDate "2003.11.23"]

1. d4 Nf6 2. c4 d5 3. cxd5 Qxd5 4. Nc3 Qa5 5. Bd2 Qb6 6. Nf3 Qxb2 7. Rb1 Qa3 8.
Nb5 Qxa2 9. Nxc7+ Kd8 10. Nxa8 Nc6 11. e3 e6 12. Be2 Ne4 13. O-O Nxd2 14. Nxd2
Bd6 15. Nc4 Bb4 16. Ra1 1-0

[Event "4NCL/Div3/WGR3 vs. SCS"]
[Site "West Bromwich ENG"]
[Date "2003.11.23"]
[Round "2.8"]
[White "Atkins, Emma"]
[Black "Kikoyo, Ali"]
[Result "0-1"]
[WhiteElo "1360"]
[BlackElo "1768"]
[PlyCount "80"]
[EventDate "2003.11.23"]

1. e4 c5 2. Nf3 d6 3. Nc3 e6 4. d3 Nc6 5. Be2 a6 6. a3 Nf6 7. Bg5 Be7 8. Qd2
Qc7 9. Rb1 Nd4 10. Nxd4 cxd4 11. Na2 h6 12. Bxf6 Bxf6 13. Bd1 e5 14. O-O Be6
15. Nc1 Rc8 16. Ne2 O-O 17. b4 b5 18. f4 Bg4 19. Nxd4 Bxd1 20. Rbxd1 exd4 21.
Rc1 Qc3 22. Qxc3 Rxc3 23. Rf3 Rxa3 24. Rh3 Rc8 25. Rh5 Rc6 26. Rd5 Ra4 27. Rb1
Kf8 28. Rb2 Ke7 29. g3 Rc3 30. h4 Rca3 31. e5 dxe5 32. fxe5 Ke6 33. Rxd4 Bxe5
34. Re4 Kd5 35. Rb1 Ra1 36. Rxa1 Rxa1+ 37. Kf2 Ra2 38. Re2 Rb2 39. Kf3 Rxb4 40.
Re1 a5 0-1

[Event "4NCL/Div3/AD2 vs. GUI3"]
[Site "West Bromwich ENG"]
[Date "2004.01.24"]
[Round "3.1"]
[White "Broom, Mark"]
[Black "Briscoe, Christopher"]
[Result "1-0"]
[WhiteElo "2170"]
[BlackElo "2192"]
[PlyCount "121"]
[EventDate "2004.01.24"]

1. c4 Nf6 2. Nc3 Nc6 3. g3 e5 4. Bg2 Bc5 5. e3 a6 6. Nge2 d6 7. d4 Ba7 8. dxe5
dxe5 9. Qxd8+ Nxd8 10. b3 Ne6 11. O-O O-O 12. Rd1 Re8 13. Ba3 Ng5 14. h4 Nh3+
15. Kf1 Nxf2 16. Kxf2 Ng4+ 17. Kg1 Nxe3 18. Kh1 Nxd1 19. Rxd1 Bg4 20. Bxb7 Rad8
21. Rf1 Bh3 22. Bg2 Bxg2+ 23. Kxg2 Rd2 24. c5 Red8 25. Kf2 R8d3 26. Rc1 f5 27.
Ke1 h6 28. Bb4 Rb2 29. Rd1 e4 30. Rxd3 exd3 31. Nf4 g5 32. hxg5 hxg5 33. Nxd3
Rg2 34. Ne2 Bb8 35. Kf1 Rh2 36. Bd2 c6 37. Bxg5 Kg7 38. Bf4 Bxf4 39. Ndxf4 Kf6
40. Kg1 Rh8 41. Nd4 Rc8 42. Kf2 a5 43. Ke3 Rc7 44. Kd3 Rc8 45. Kc4 Rc7 46. Nd3
Rc8 47. Ne1 Ke5 48. Nef3+ Ke4 49. Ng5+ Ke3 50. Nxf5+ Kd2 51. Ne6 Kc2 52. Ned4+
Kb2 53. Ne7 Rc7 54. Nexc6 Kxa2 55. Nxa5 Rg7 56. c6 Kb2 57. b4 Rxg3 58. b5 Rc3+
59. Kd5 Ka3 60. b6 Kb4 61. Nab3 1-0